Loading...

Fifty key thinkers on history /

Bibliographic Details
Main Author: Hughes-Warrington, Marnie 1970-
Format: Printed Book
Language:English
Published: London : Routledge, 2007
Edition:2nd ed.
Subjects:
LEADER 00887cam a2200229 i 4500
008 140210s2015 enk b 001 0 eng
020 |a 9780415366519  
020 |a 9780415791861  
041 |a eng 
082 0 0 |a 907.2  |2 23 
100 |a Hughes-Warrington, Marnie  |9 1582331  |d 1970- 
245 1 0 |a Fifty key thinkers on history /  |c Marnie Hughes-Warrington 
250 |a 2nd ed. 
260 |a London :  |b Routledge,  |c 2007 
300 |a xviii, 350p. ;  |c 23 cm. 
504 |a Includes bibliographical references and index. 
650 7 |a Historiography  |2 fast  |9 1022199 
906 |a 7  |b cbc  |c orignew  |d 1  |e ecip  |f 20  |g y-gencatlg 
942 |c BK 
955 |b rf16 2014-02-10  |i rf16 2014-02-10 to Dewey  |a xn02 2014-10-29 1 copy rec'd., to CIP ver. 
999 |c 362142  |d 362142 
952 |0 0  |1 0  |2 ddc  |4 0  |6 907_200000000000000_HUG_F  |7 0  |9 421356  |a UL  |b UL  |c PROC  |d 2021-10-11  |g 895.00  |o 907.2 HUG/F  |p 103620  |r 2021-10-11  |y BK